Modern methods of organic synthesis (Record no. 135506)

MARC details
000 -LEADER
fixed length control field 00398nam a2200145Ia 4500
008 - FIXED-LENGTH DATA ELEMENTS--GENERAL INFORMATION
fixed length control field 230917s9999||||xx |||||||||||||| ||und||
040 ## - CATALOGING SOURCE
-- 111011
Original cataloging agency VIVEKANANDA LIBRARY
041 ## - Language
-- English
082 ## - DDC NUMBER
Classification number 547.2 C237M
100 ## - MAIN ENTRY--PERSONAL NAME
Personal name Carruthers, William
245 #0 - TITLE STATEMENT
Title Modern methods of organic synthesis
260 ## - PUBLICATION, DISTRIBUTION, ETC. (IMPRINT)
Place of publication, distribution, etc Cambridge (New York)
Name of publisher, distributor, etc Cambridge University Press
Date of publication, distribution, etc 2005
300 ## - PHYSICAL DESCRIPTION
Pages xii p. ; 493
942 ## - ADDED ENTRY ELEMENTS (KOHA)
Koha item type Books
Holdings
Withdrawn status Lost status Damaged status Not for loan Location (home branch) Sublocation or collection (holding branch) Date acquired Koha issues (times borrowed) Koha full call number Accession No. Koha date last seen Koha item type
        VIVEKANANDA LIBRARY VIVEKANANDA LIBRARY 02/08/2006   547.2 C237M 235593 17/09/2023 Books
© Designed and Maintained by Vivekananda Library, MDU Rohtak